|
|
|
|
| LEADER |
01713nam a2200277 a 4500 |
| 001 |
13294028 |
| 008 |
091205s2003 nyu b 000 0 eng d |
| 010 |
|
|
|a 2003016993
|
| 020 |
|
|
|a 0195170504 (hardcover : alk. paper)
|
| 040 |
|
|
|a DLC
|c DLC
|d DLC
|
| 082 |
0 |
0 |
|a 332/.03
|2 22
|
| 245 |
0 |
0 |
|a 1001 financial words you need to know /
|c David Bach, editor.
|
| 246 |
3 |
|
|a One thousand and one financial words you need to know
|
| 246 |
3 |
|
|a One thousand one financial words you need to know
|
| 246 |
3 |
0 |
|a Financial words you need to know
|
| 260 |
|
|
|a New York :
|b Oxford University Press,
|c c2003.
|
| 300 |
|
|
|a xviii, 237 p. ;
|c 22 cm.
|
| 505 |
0 |
|
|a Introduction -- Using this dictionary -- Pronunciation key -- 1001 Financial words you need to know [the dictionary] -- How to determine if you have a credit card problem -- Find your Latte Factor and learn how compound interest works for you -- How the Federal Reserve works -- What you need to know about insurance -- How to buy a home -- The top ten money mistakes people make -- How to create a financial plan that will really work for you -- How to plan for retirement -- Understanding your credit score -- Top ten principles for hiring a financial advisor -- Common financial equations -- Interest rate calculator table.
|
| 504 |
|
|
|a Includes bibliographical references.
|
| 541 |
1 |
|
|e 00016413
|
| 650 |
|
0 |
|a Finance
|v Dictionaries.
|
| 650 |
|
0 |
|a Finance, Personal
|v Dictionaries.
|
| 700 |
1 |
|
|a Bach, David.
|
| 852 |
4 |
|
|a Ayesha Abed Library
|j General Shelf.
|
| 999 |
|
|
|c 6028
|d 6028
|
| 952 |
|
|
|0 0
|1 0
|2 ddc
|4 0
|6 332_030000000000000_ONE_2003
|7 0
|9 6014
|a BRACUL
|b BRACUL
|c GEN
|d 2009-12-07
|g 1131.00
|l 1
|m 10
|o 332.03 ONE
|p 3010016413
|r 2011-11-28
|s 2011-07-17
|t 1
|v 2262.00
|w 2009-12-07
|y BK
|